[Event "GER-ch Blitz 2019"]
[Site "Magdeburg"]
[Date "2019.05.25"]
[Round "15.4"]
[White "Heistermann, Till"]
[Black "Baskin, Robert"]
[Result "1-0"]
[WhiteElo "2181"]
[BlackElo "2398"]
[Annotator "NA"]
[PlyCount "169"]
[EventDate "2019.05.25"]
[EventType "tourn"]
[EventCountry "GER"]
[Tiebreak "Number of wins+Number of black wins"]
[SourceTitle "playchess.com"]
[Source "ChessBase"]
[SourceQuality "1"]
[TimeControl "180+2"]

1. c4 {[%emt 0:00:00]} Nf6 {[%emt 0:00:00]} 2. g3 {[%emt 0:00:00]} e6 {[%emt 0:
00:00]} 3. Bg2 {[%emt 0:00:00]} d5 {[%emt 0:00:01]} 4. Nf3 {[%emt 0:00:00]}
dxc4 {[%emt 0:00:01]} 5. Qa4+ {[%emt 0:00:08]} Bd7 {[%emt 0:00:01]} 6. Qxc4 {
[%emt 0:00:01]} c5 {[%emt 0:00:00]} 7. O-O {[%emt 0:00:04]} Bc6 {[%emt 0:00:02]
} 8. Nc3 {[%emt 0:00:04]} Nbd7 {[%emt 0:00:03]} 9. d4 {[%emt 0:00:03]} cxd4 {
[%emt 0:00:05]} 10. Qxd4 {[%emt 0:00:01]} Bc5 {[%emt 0:00:01]} 11. Qd3 {
[%emt 0:00:03]} O-O {[%emt 0:00:04]} 12. a3 {[%emt 0:00:04]} a5 {[%emt 0:00:06]
} 13. Bf4 {[%emt 0:00:03]} Qb6 {[%emt 0:00:02]} 14. Rab1 {[%emt 0:00:13]} Ng4 {
[%emt 0:00:30]} 15. Nd1 {[%emt 0:00:25]} Rfd8 {[%emt 0:00:07]} 16. h3 {[%emt 0:
00:08]} Ngf6 {[%emt 0:00:03]} 17. Nc3 {[%emt 0:00:22]} Ne5 {[%emt 0:00:10]} 18.
Qc2 {[%emt 0:00:02]} Nxf3+ {[%emt 0:00:11]} 19. Bxf3 {[%emt 0:00:04]} Bxf3 {
[%emt 0:00:01]} 20. exf3 {[%emt 0:00:01]} Qc6 {[%emt 0:00:02]} 21. Ne4 {
[%emt 0:00:06]} Nxe4 {[%emt 0:00:09]} 22. Qxe4 {[%emt 0:00:02]} Qxe4 {[%emt 0:
00:06]} 23. fxe4 {[%emt 0:00:01]} Rd3 {[%emt 0:00:01]} 24. Rfd1 {[%emt 0:00:20]
} Rad8 {[%emt 0:00:01]} 25. Rxd3 {[%emt 0:00:01]} Rxd3 {[%emt 0:00:01]} 26. Rc1
{[%emt 0:00:08]} b6 {[%emt 0:00:08]} 27. Rc4 {[%emt 0:00:37]} g5 {[%emt 0:00:
30]} 28. Bc7 {[%emt 0:00:21]} Rd2 {[%emt 0:00:13]} 29. b4 {[%emt 0:00:01]} axb4
{[%emt 0:00:04]} 30. axb4 {[%emt 0:00:01]} Bxf2+ {[%emt 0:00:02]} 31. Kf1 {
[%emt 0:00:01]} Bd4 {[%emt 0:00:19]} 32. Rc6 {[%emt 0:00:15]} b5 {[%emt 0:00:
11]} 33. Bb6 {[%emt 0:00:07]} Be5 {[%emt 0:00:04]} 34. Rc5 {[%emt 0:00:03]}
Bxg3 {[%emt 0:00:01]} 35. Rxg5+ {[%emt 0:00:02]} Kf8 {[%emt 0:00:04]} 36. Rxg3
{[%emt 0:00:03]} Ke7 {[%emt 0:00:04]} 37. e5 {[%emt 0:00:03]} Kd7 {[%emt 0:00:
11]} 38. Bc5 {[%emt 0:00:01]} Kc6 {[%emt 0:00:01]} 39. Rf3 {[%emt 0:00:02]} Rd5
{[%emt 0:00:01]} 40. Rxf7 {[%emt 0:00:01]} Rxe5 {[%emt 0:00:01]} 41. Rxh7 {
[%emt 0:00:02]} Rf5+ {[%emt 0:00:00]} 42. Ke2 {[%emt 0:00:01]} Kd5 {[%emt 0:00:
01]} 43. h4 {[%emt 0:00:02]} Rf4 {[%emt 0:00:01]} 44. h5 {[%emt 0:00:02]} Rh4 {
[%emt 0:00:01]} 45. h6 {[%emt 0:00:01]} Kc4 {[%emt 0:00:01]} 46. Rh8 {[%emt 0:
00:01]} e5 {[%emt 0:00:01]} 47. h7 {[%emt 0:00:05]} Kb3 {[%emt 0:00:02]} 48.
Be7 {[%emt 0:00:02]} Rh3 {[%emt 0:00:02]} 49. Kf2 {[%emt 0:00:05]} e4 {[%emt 0:
00:01]} 50. Bc5 {[%emt 0:00:03]} Kb2 {[%emt 0:00:20]} 51. Kg2 {[%emt 0:00:01]}
Rh5 {[%emt 0:00:02]} 52. Kg3 {[%emt 0:00:01]} Kb3 {[%emt 0:00:01]} 53. Kf4 {
[%emt 0:00:01]} Rh4+ {[%emt 0:00:01]} 54. Ke3 {[%emt 0:00:01]} Kb2 {[%emt 0:00:
01]} 55. Bd6 {[%emt 0:00:02]} Kb3 {[%emt 0:00:02]} 56. Bc5 {[%emt 0:00:04]} Kb2
{[%emt 0:00:01]} 57. Kd4 {[%emt 0:00:03]} Kb3 {[%emt 0:00:01]} 58. Re8 {
[%emt 0:00:06]} e3+ {[%emt 0:00:06]} 59. Kxe3 {[%emt 0:00:01]} Rxh7 {[%emt 0:
00:01]} 60. Kd4 {[%emt 0:00:01]} Rh1 {[%emt 0:00:02]} 61. Kd5 {[%emt 0:00:01]}
Rh6 {[%emt 0:00:02]} 62. Re6 {[%emt 0:00:01]} Rh5+ {[%emt 0:00:01]} 63. Kc6 {
[%emt 0:00:01]} Ka4 {[%emt 0:00:01]} 64. Re8 {[%emt 0:00:01]} Rh6+ {[%emt 0:00:
02]} 65. Bd6 {[%emt 0:00:01]} Rh5 {[%emt 0:00:03]} 66. Ra8+ {[%emt 0:00:01]}
Kb3 {[%emt 0:00:00]} 67. Bc5 {[%emt 0:00:01]} Kc4 {[%emt 0:00:01]} 68. Ra1 {
[%emt 0:00:02]} Rh6+ {[%emt 0:00:02]} 69. Bd6 {[%emt 0:00:01]} Rh5 {[%emt 0:00:
01]} 70. Rc1+ {[%emt 0:00:02]} Kb3 {[%emt 0:00:00]} 71. Rc5 {[%emt 0:00:02]}
Rh1 {[%emt 0:00:04]} 72. Kxb5 {[%emt 0:00:01]} Rh4 {[%emt 0:00:00]} 73. Rc6 {
[%emt 0:00:03]} Rg4 {[%emt 0:00:02]} 74. Bc5 {[%emt 0:00:01]} Rg8 {[%emt 0:00:
01]} 75. Rb6 {[%emt 0:00:02]} Rg5 {[%emt 0:00:01]} 76. Ka6 {[%emt 0:00:01]} Kc4
{[%emt 0:00:01]} 77. Bd6 {[%emt 0:00:02]} Rg1 {[%emt 0:00:01]} 78. Kb7 {
[%emt 0:00:05]} Rg7+ {[%emt 0:00:01]} 79. Kc6 {[%emt 0:00:02]} Rg6 {[%emt 0:00:
01]} 80. Rb8 {[%emt 0:00:02]} Rh6 {[%emt 0:00:02]} 81. Rf8 {[%emt 0:00:01]} Rg6
{[%emt 0:00:01]} 82. Rf4+ {[%emt 0:00:01]} Kb3 {[%emt 0:00:01]} 83. b5 {
[%emt 0:00:01]} Rg1 {[%emt 0:00:02]} 84. b6 {[%emt 0:00:01]} Rc1+ {[%emt 0:00:
00]} 85. Bc5 {[%emt 0:00:01]} 1-0

[Event "GER-ch Blitz 2019"]
[Site "Magdeburg"]
[Date "2019.05.25"]
[Round "15.5"]
[White "Buhmann, Rainer"]
[Black "Barzen, Pascal"]
[Result "1-0"]
[WhiteElo "2573"]
[BlackElo "2292"]
[Annotator "ChessBase"]
[PlyCount "93"]
[EventDate "2019.05.25"]
[EventType "tourn"]
[EventCountry "GER"]
[Tiebreak "Number of wins+Number of black wins"]
[SourceTitle "playchess.com"]
[Source "ChessBase"]
[SourceQuality "1"]
[TimeControl "180+2"]

1. d4 {[%emt 0:00:00]} Nf6 {[%emt 0:00:00]} 2. c4 {[%emt 0:00:00]} e6 {[%emt 0:
00:00]} 3. Nf3 {[%emt 0:00:02]} b6 {[%emt 0:00:01]} 4. a3 {[%emt 0:00:04]} Bb7
{[%emt 0:00:02]} 5. Nc3 {[%emt 0:00:01]} d5 {[%emt 0:00:01]} 6. cxd5 {[%emt 0:
00:02]} exd5 {[%emt 0:00:00]} 7. Bg5 {[%emt 0:00:03]} Be7 {[%emt 0:00:02]} 8.
e3 {[%emt 0:00:01]} O-O {[%emt 0:00:02]} 9. Qc2 {[%emt 0:00:01]} c5 {[%emt 0:
00:05]} 10. Rd1 {[%emt 0:00:19]} Nbd7 {[%emt 0:00:20]} 11. Be2 {[%emt 0:00:13]}
Rc8 {[%emt 0:00:02]} 12. O-O {[%emt 0:00:05]} Ne4 {[%emt 0:00:07]} 13. Bxe7 {
[%emt 0:00:06]} Qxe7 {[%emt 0:00:02]} 14. dxc5 {[%emt 0:00:34]} Nxc3 {[%emt 0:
00:04]} 15. Qxc3 {[%emt 0:00:04]} bxc5 {[%emt 0:00:09]} 16. Rfe1 {[%emt 0:00:
13]} Rfe8 {[%emt 0:00:04]} 17. Bb5 {[%emt 0:00:05]} Red8 {[%emt 0:00:06]} 18.
b4 {[%emt 0:00:24]} Nf6 {[%emt 0:00:21]} 19. bxc5 {[%emt 0:00:13]} Ne4 {
[%emt 0:00:13]} 20. Qb4 {[%emt 0:00:03]} Rxc5 {[%emt 0:00:17]} 21. Bf1 {
[%emt 0:00:05]} Qc7 {[%emt 0:00:19]} 22. Nd4 {[%emt 0:00:05]} a5 {[%emt 0:00:
08]} 23. Qb2 {[%emt 0:00:02]} Bc8 {[%emt 0:00:21]} 24. Rc1 {[%emt 0:00:05]} h6
{[%emt 0:00:16]} 25. Rxc5 {[%emt 0:00:02]} Qxc5 {[%emt 0:00:00]} 26. Rc1 {
[%emt 0:00:02]} Qd6 {[%emt 0:00:04]} 27. Nc6 {[%emt 0:00:06]} Re8 {[%emt 0:00:
05]} 28. Nxa5 {[%emt 0:00:02]} Qg6 {[%emt 0:00:12]} 29. Nc6 {[%emt 0:00:13]}
Kh7 {[%emt 0:00:05]} 30. Nd4 {[%emt 0:00:01]} Bd7 {[%emt 0:00:10]} 31. Bd3 {
[%emt 0:00:06]} f5 {[%emt 0:00:02]} 32. Ne2 {[%emt 0:00:04]} Rc8 {[%emt 0:00:
08]} 33. Rxc8 {[%emt 0:00:03]} Bxc8 {[%emt 0:00:00]} 34. Nf4 {[%emt 0:00:03]}
Qd6 {[%emt 0:00:04]} 35. h4 {[%emt 0:00:05]} Nc5 {[%emt 0:00:04]} 36. Qc2 {
[%emt 0:00:02]} Nxd3 {[%emt 0:00:10]} 37. Qxd3 {[%emt 0:00:02]} g5 {[%emt 0:00:
04]} 38. hxg5 hxg5 {[%emt 0:00:01]} 39. Ne2 {[%emt 0:00:05]} Be6 {[%emt 0:00:
01]} 40. Nd4 {[%emt 0:00:02]} Bd7 {[%emt 0:00:00]} 41. Nxf5 {[%emt 0:00:04]}
Qg6 {[%emt 0:00:00]} 42. g4 {[%emt 0:00:02]} Qf6 43. Qxd5 {[%emt 0:00:05]} Bc6
{[%emt 0:00:08]} 44. Qd4 {[%emt 0:00:04]} Qf7 {[%emt 0:00:04]} 45. Qd6 {
[%emt 0:00:06]} Be8 {[%emt 0:00:03]} 46. Qh6+ {[%emt 0:00:02]} Kg8 {[%emt 0:00:
01]} 47. Qxg5+ {[%emt 0:00:01]} 1-0

[Event "GER-ch Blitz 2019"]
[Site "Magdeburg"]
[Date "2019.05.25"]
[Round "15.6"]
[White "Hebbinghaus, Holger"]
[Black "Braeuer, Franz"]
[Result "0-1"]
[WhiteElo "2310"]
[BlackElo "2445"]
[Annotator "NA"]
[PlyCount "44"]
[EventDate "2019.05.25"]
[EventType "tourn"]
[EventCountry "GER"]
[Tiebreak "Number of wins+Number of black wins"]
[SourceTitle "playchess.com"]
[Source "ChessBase"]
[SourceQuality "1"]
[TimeControl "180+2"]

1. e4 {[%emt 0:00:00]} c5 {[%emt 0:00:00]} 2. Be2 {[%emt 0:00:00]} Nc6 {
[%emt 0:00:00]} 3. f4 {[%emt 0:00:01]} e6 {[%emt 0:00:04]} 4. Nf3 {[%emt 0:00:
01]} Nge7 {[%emt 0:00:01]} 5. d3 {[%emt 0:00:02]} d5 {[%emt 0:00:01]} 6. O-O {
[%emt 0:00:01]} g6 {[%emt 0:00:01]} 7. c3 {[%emt 0:00:02]} Bg7 {[%emt 0:00:02]}
8. Be3 {[%emt 0:00:06]} b6 {[%emt 0:00:03]} 9. Bf2 {[%emt 0:00:06]} O-O {
[%emt 0:00:11]} 10. e5 {[%emt 0:00:12]} Ba6 {[%emt 0:00:42]} 11. d4 {[%emt 0:
00:13]} Bxe2 12. Qxe2 {[%emt 0:00:01]} cxd4 {[%emt 0:00:14]} 13. cxd4 {[%emt 0:
00:10]} Qd7 {[%emt 0:00:00]} 14. Nbd2 {[%emt 0:00:24]} Rfc8 {[%emt 0:00:07]}
15. Rac1 {[%emt 0:00:19]} Na5 {[%emt 0:00:24]} 16. b3 {[%emt 0:00:40]} Rxc1 {
[%emt 0:00:15]} 17. Rxc1 {[%emt 0:00:01]} Rc8 {[%emt 0:00:00]} 18. Qf1 {
[%emt 0:00:13]} Rc7 {[%emt 0:00:07]} 19. Nb1 {[%emt 0:00:34]} Qc8 {[%emt 0:00:
05]} 20. Be3 {[%emt 0:00:05]} Nf5 {[%emt 0:00:03]} 21. Bd2 {[%emt 0:00:02]} Nc6
{[%emt 0:00:04]} 22. Qf2 {[%emt 0:00:28]} Ncxd4 0-1

[Event "GER-ch Blitz 2019"]
[Site "Magdeburg"]
[Date "2019.05.25"]
[Round "15.7"]
[White "Ehmann, Thilo"]
[Black "Krause, Benedict"]
[Result "1/2-1/2"]
[WhiteElo "2291"]
[BlackElo "2434"]
[Annotator "NA"]
[PlyCount "54"]
[EventDate "2019.05.25"]
[EventType "tourn"]
[EventCountry "GER"]
[Tiebreak "Number of wins+Number of black wins"]
[SourceTitle "playchess.com"]
[Source "ChessBase"]
[SourceQuality "1"]
[TimeControl "180+2"]

1. e4 {[%emt 0:00:00]} c5 {[%emt 0:00:00]} 2. Nf3 {[%emt 0:00:00]} e6 {[%emt 0:
00:00]} 3. g3 {[%emt 0:00:03]} d5 {[%emt 0:00:01]} 4. exd5 {[%emt 0:00:06]}
exd5 {[%emt 0:00:01]} 5. d4 {[%emt 0:00:07]} Nf6 {[%emt 0:00:01]} 6. Bg2 {
[%emt 0:00:01]} Be7 {[%emt 0:00:05]} 7. O-O {[%emt 0:00:03]} O-O {[%emt 0:00:
05]} 8. dxc5 {[%emt 0:00:08]} Bxc5 {[%emt 0:00:03]} 9. Nbd2 {[%emt 0:00:01]}
Nc6 {[%emt 0:00:05]} 10. Nb3 {[%emt 0:00:00]} Bb6 {[%emt 0:00:01]} 11. c3 {
[%emt 0:00:12]} h6 {[%emt 0:00:04]} 12. Nfd4 {[%emt 0:00:02]} Bg4 {[%emt 0:00:
04]} 13. Bf3 {[%emt 0:00:12]} Bxf3 {[%emt 0:00:17]} 14. Qxf3 {[%emt 0:00:01]}
Nxd4 {[%emt 0:00:03]} 15. Nxd4 {[%emt 0:00:03]} Bxd4 {[%emt 0:00:02]} 16. cxd4
{[%emt 0:00:00]} Ne4 {[%emt 0:00:05]} 17. Qd3 {[%emt 0:00:05]} Qb6 {[%emt 0:00:
04]} 18. f3 {[%emt 0:00:05]} Nd6 {[%emt 0:00:03]} 19. b3 {[%emt 0:00:01]} Rfe8
{[%emt 0:00:11]} 20. Be3 {[%emt 0:00:10]} Re6 {[%emt 0:00:19]} 21. Bf2 {
[%emt 0:00:11]} Rae8 {[%emt 0:00:02]} 22. Rfe1 {[%emt 0:00:11]} Rxe1+ {[%emt 0:
00:35]} 23. Rxe1 {[%emt 0:00:10]} Rxe1+ {[%emt 0:00:05]} 24. Bxe1 {[%emt 0:00:
01]} Qb5 {[%emt 0:00:01]} 25. Qd2 {[%emt 0:00:09]} Qd7 {[%emt 0:00:19]} 26. g4
{[%emt 0:00:01]} Qe6 {[%emt 0:00:14]} 27. Bg3 {[%emt 0:00:07]} Nb5 {[%emt 0:00:
16]} 1/2-1/2

[Event "GER-ch Blitz 2019"]
[Site "Magdeburg"]
[Date "2019.05.25"]
[Round "15.8"]
[White "Schneider, Ilja"]
[Black "Kopylov, Michael"]
[Result "1-0"]
[WhiteElo "2494"]
[BlackElo "2413"]
[Annotator "ChessBase"]
[PlyCount "105"]
[EventDate "2019.05.25"]
[EventType "tourn"]
[EventCountry "GER"]
[Tiebreak "Number of wins+Number of black wins"]
[SourceTitle "playchess.com"]
[Source "ChessBase"]
[SourceQuality "1"]
[TimeControl "180+2"]

1. d4 {[%emt 0:00:02]} d5 {[%emt 0:00:00]} 2. c4 {[%emt 0:00:00]} e6 {[%emt 0:
00:00]} 3. Nf3 {[%emt 0:00:01]} c6 {[%emt 0:00:01]} 4. e3 {[%emt 0:00:03]} Nf6
{[%emt 0:00:02]} 5. b3 {[%emt 0:00:05]} Nbd7 {[%emt 0:00:02]} 6. Bd3 {[%emt 0:
00:03]} b6 {[%emt 0:00:04]} 7. O-O {[%emt 0:00:02]} Bb7 {[%emt 0:00:01]} 8. Bb2
{[%emt 0:00:01]} Bd6 {[%emt 0:00:07]} 9. Nbd2 {[%emt 0:00:09]} O-O {[%emt 0:00:
03]} 10. Qe2 {[%emt 0:00:01]} Qe7 {[%emt 0:00:01]} 11. Rfd1 {[%emt 0:00:13]} c5
{[%emt 0:00:03]} 12. e4 {[%emt 0:00:14]} dxe4 {[%emt 0:00:12]} 13. Nxe4 {
[%emt 0:00:02]} Nxe4 {[%emt 0:00:04]} 14. Bxe4 {[%emt 0:00:01]} Nf6 {[%emt 0:
00:19]} 15. Bxb7 Qxb7 {[%emt 0:00:01]} 16. d5 {[%emt 0:00:10]} Qe7 {[%emt 0:01:
05]} 17. dxe6 fxe6 {[%emt 0:00:02]} 18. Ng5 {[%emt 0:00:06]} Rae8 {[%emt 0:00:
05]} 19. Rd3 {[%emt 0:00:14]} Bf4 {[%emt 0:00:19]} 20. Ne4 {[%emt 0:00:15]}
Nxe4 {[%emt 0:00:05]} 21. Qxe4 {[%emt 0:00:01]} Qh4 {[%emt 0:00:02]} 22. g3 {
[%emt 0:00:19]} Bxg3 {[%emt 0:00:04]} 23. Rxg3 {[%emt 0:00:02]} Qxe4 {[%emt 0:
00:15]} 24. Rxg7+ {[%emt 0:00:00]} Kh8 {[%emt 0:00:00]} 25. Rg4+ {[%emt 0:00:
01]} Qd4 {[%emt 0:00:04]} 26. Bxd4+ {[%emt 0:00:01]} cxd4 {[%emt 0:00:01]} 27.
Rxd4 {[%emt 0:00:00]} Rd8 {[%emt 0:00:24]} 28. Rad1 {[%emt 0:00:03]} Rxd4 {
[%emt 0:00:00]} 29. Rxd4 {[%emt 0:00:00]} Rf7 {[%emt 0:00:01]} 30. Kg2 {
[%emt 0:00:02]} Kg7 {[%emt 0:00:00]} 31. Kg3 {[%emt 0:00:04]} Rc7 {[%emt 0:00:
09]} 32. Kf4 {[%emt 0:00:10]} Kf6 {[%emt 0:00:00]} 33. Ke4 {[%emt 0:00:02]} Rg7
{[%emt 0:00:04]} 34. Kf3 {[%emt 0:00:11]} Ke5 {[%emt 0:00:04]} 35. Ke3 {
[%emt 0:00:07]} Kf5 36. b4 {[%emt 0:00:09]} Ke5 {[%emt 0:00:23]} 37. Rh4 {
[%emt 0:00:03]} Kf5 {[%emt 0:00:02]} 38. c5 {[%emt 0:00:07]} bxc5 {[%emt 0:00:
01]} 39. bxc5 {[%emt 0:00:01]} Rd7 {[%emt 0:00:02]} 40. c6 {[%emt 0:00:06]} Rc7
{[%emt 0:00:00]} 41. Rh5+ {[%emt 0:00:02]} Kf6 {[%emt 0:00:03]} 42. Rc5 {
[%emt 0:00:01]} Ke7 {[%emt 0:00:02]} 43. h4 {[%emt 0:00:05]} Kd6 {[%emt 0:00:
01]} 44. Kd4 {[%emt 0:00:01]} Rxc6 45. Rxc6+ {[%emt 0:00:01]} Kxc6 {[%emt 0:00:
04]} 46. Ke5 Kd7 47. Kf6 {[%emt 0:00:04]} Kd6 {[%emt 0:00:02]} 48. h5 {[%emt 0:
00:02]} e5 {[%emt 0:00:03]} 49. Kg7 {[%emt 0:00:07]} Ke6 {[%emt 0:00:06]} 50.
Kxh7 {[%emt 0:00:01]} Kf7 {[%emt 0:00:00]} 51. Kh6 {[%emt 0:00:10]} Kf6 {
[%emt 0:00:00]} 52. f3 {[%emt 0:00:06]} a6 {[%emt 0:00:03]} 53. a3 {[%emt 0:00:
00]} 1-0

[Event "GER-ch Blitz 2019"]
[Site "Magdeburg"]
[Date "2019.05.25"]
[Round "15.9"]
[White "Kirchner, Thomas"]
[Black "Carow, Johannes"]
[Result "0-1"]
[WhiteElo "2311"]
[BlackElo "2445"]
[Annotator "NA"]
[PlyCount "36"]
[EventDate "2019.05.25"]
[EventType "tourn"]
[EventCountry "GER"]
[Tiebreak "Number of wins+Number of black wins"]
[SourceTitle "playchess.com"]
[Source "ChessBase"]
[SourceQuality "1"]
[TimeControl "180+2"]

1. e4 {[%emt 0:00:00]} c6 {[%emt 0:00:00]} 2. d4 {[%emt 0:00:00]} d5 {[%emt 0:
00:00]} 3. exd5 {[%emt 0:00:00]} cxd5 {[%emt 0:00:01]} 4. c4 {[%emt 0:00:00]}
Nf6 {[%emt 0:00:02]} 5. Nc3 {[%emt 0:00:01]} g6 {[%emt 0:00:22]} 6. Nf3 {
[%emt 0:00:12]} Bg7 {[%emt 0:00:01]} 7. cxd5 {[%emt 0:00:01]} Nxd5 {[%emt 0:00:
01]} 8. Bc4 {[%emt 0:00:12]} Nxc3 {[%emt 0:00:13]} 9. bxc3 {[%emt 0:00:02]} O-O
{[%emt 0:00:02]} 10. O-O {[%emt 0:00:01]} Qc7 {[%emt 0:00:14]} 11. Qb3 {
[%emt 0:00:04]} Nc6 {[%emt 0:00:05]} 12. Bd3 {[%emt 0:00:11]} Be6 {[%emt 0:00:
17]} 13. Qc2 {[%emt 0:00:07]} Rac8 {[%emt 0:00:06]} 14. Qd2 {[%emt 0:00:23]}
Na5 {[%emt 0:00:20]} 15. Bb2 {[%emt 0:00:04]} Nc4 {[%emt 0:00:10]} 16. Bxc4 {
[%emt 0:00:03]} Bxc4 {[%emt 0:00:02]} 17. Rfe1 {[%emt 0:00:01]} Rfd8 {[%emt 0:
00:13]} 18. Ne5 {[%emt 0:00:02]} Bxe5 {[%emt 0:00:03]} 0-1

[Event "GER-ch Blitz 2019"]
[Site "Magdeburg"]
[Date "2019.05.25"]
[Round "15.10"]
[White "Schulz, Karsten"]
[Black "Heidrich, Manfred"]
[Result "1/2-1/2"]
[WhiteElo "2227"]
[BlackElo "2351"]
[Annotator "NA"]
[PlyCount "111"]
[EventDate "2019.05.25"]
[EventType "tourn"]
[EventCountry "GER"]
[Tiebreak "Number of wins+Number of black wins"]
[SourceTitle "playchess.com"]
[Source "ChessBase"]
[SourceQuality "1"]
[TimeControl "180+2"]

1. Nf3 {[%emt 0:00:00]} f5 {[%emt 0:00:00]} 2. g3 {[%emt 0:00:00]} Nf6 {
[%emt 0:00:00]} 3. Bg2 {[%emt 0:00:01]} g6 {[%emt 0:00:00]} 4. c4 {[%emt 0:00:
03]} Bg7 {[%emt 0:00:02]} 5. Nc3 {[%emt 0:00:01]} d6 {[%emt 0:00:03]} 6. d3 {
[%emt 0:00:03]} O-O {[%emt 0:00:01]} 7. O-O {[%emt 0:00:02]} c5 {[%emt 0:00:03]
} 8. Rb1 {[%emt 0:00:02]} Nc6 {[%emt 0:00:01]} 9. a3 {[%emt 0:00:01]} a5 {
[%emt 0:00:01]} 10. Bg5 {[%emt 0:00:11]} h6 {[%emt 0:00:11]} 11. Bxf6 {[%emt 0:
00:01]} Bxf6 {[%emt 0:00:01]} 12. Nd5 {[%emt 0:00:04]} e6 {[%emt 0:00:03]} 13.
Nxf6+ {[%emt 0:00:06]} Qxf6 {[%emt 0:00:01]} 14. Qd2 {[%emt 0:00:01]} Kg7 {
[%emt 0:00:04]} 15. e3 {[%emt 0:00:02]} e5 {[%emt 0:00:17]} 16. Ne1 {[%emt 0:
00:06]} f4 {[%emt 0:00:07]} 17. Qc3 {[%emt 0:00:19]} Bd7 {[%emt 0:00:08]} 18.
Be4 {[%emt 0:00:36]} Bh3 {[%emt 0:00:07]} 19. exf4 {[%emt 0:00:13]} Bxf1 {
[%emt 0:00:05]} 20. Kxf1 {[%emt 0:00:04]} exf4 {[%emt 0:00:03]} 21. Nf3 {
[%emt 0:00:07]} Rae8 {[%emt 0:00:09]} 22. Qxf6+ {[%emt 0:00:06]} Rxf6 {[%emt 0:
00:04]} 23. Kg2 {[%emt 0:00:02]} Rf7 {[%emt 0:00:07]} 24. g4 {[%emt 0:00:18]}
Rb8 {[%emt 0:00:13]} 25. h4 {[%emt 0:00:06]} a4 {[%emt 0:00:19]} 26. Rd1 {
[%emt 0:00:12]} Rc7 {[%emt 0:00:05]} 27. Rd2 b5 {[%emt 0:00:06]} 28. cxb5 {
[%emt 0:00:19]} Rxb5 {[%emt 0:00:00]} 29. d4 {[%emt 0:00:01]} cxd4 {[%emt 0:00:
04]} 30. Nxd4 {[%emt 0:00:02]} Nxd4 {[%emt 0:00:05]} 31. Rxd4 {[%emt 0:00:01]}
Rxb2 {[%emt 0:00:11]} 32. Rxd6 {[%emt 0:00:09]} g5 {[%emt 0:00:03]} 33. Rg6+ {
[%emt 0:00:04]} Kf7 {[%emt 0:00:02]} 34. Rxh6 {[%emt 0:00:05]} Rc3 {[%emt 0:00:
18]} 35. hxg5 {[%emt 0:00:05]} Rg3+ {[%emt 0:00:02]} 36. Kf1 {[%emt 0:00:02]}
Rxg4 {[%emt 0:00:01]} 37. g6+ {[%emt 0:00:03]} Kg8 {[%emt 0:00:03]} 38. Rh7 {
[%emt 0:00:10]} Rg5 {[%emt 0:00:05]} 39. Ra7 {[%emt 0:00:08]} Re5 {[%emt 0:00:
18]} 40. Ra8+ {[%emt 0:00:06]} Kg7 {[%emt 0:00:01]} 41. Ra7+ {[%emt 0:00:02]}
Kg8 {[%emt 0:00:03]} 42. Bd3 {[%emt 0:00:06]} Rc5 {[%emt 0:00:10]} 43. Kg2 {
[%emt 0:00:05]} Rc3 {[%emt 0:00:02]} 44. Be4 {[%emt 0:00:01]} Rd2 {[%emt 0:00:
05]} 45. Rxa4 {[%emt 0:00:04]} Kg7 {[%emt 0:00:18]} 46. Ra7+ {[%emt 0:00:01]}
Kg8 {[%emt 0:00:01]} 47. Ra5 {[%emt 0:00:02]} Kg7 {[%emt 0:00:01]} 48. Ra7+ {
[%emt 0:00:01]} Kg8 {[%emt 0:00:00]} 49. Rf7 {[%emt 0:00:01]} Rxa3 {[%emt 0:00:
04]} 50. Rxf4 {[%emt 0:00:01]} Ra7 {[%emt 0:00:02]} 51. Rf6 {[%emt 0:00:04]}
Kg7 {[%emt 0:00:01]} 52. Rc6 {[%emt 0:00:02]} Rd4 {[%emt 0:00:04]} 53. f3 {
[%emt 0:00:01]} Re7 {[%emt 0:00:02]} 54. Kg3 {[%emt 0:00:06]} Rdxe4 {[%emt 0:
00:01]} 55. fxe4 {[%emt 0:00:01]} Rxe4 {[%emt 0:00:00]} 56. Rc7+ 1/2-1/2

[Event "GER-ch Blitz 2019"]
[Site "Magdeburg"]
[Date "2019.05.25"]
[Round "15.11"]
[White "Svane, Frederik"]
[Black "Stern, Rene"]
[Result "0-1"]
[WhiteElo "2342"]
[BlackElo "2538"]
[Annotator "ChessBase"]
[PlyCount "106"]
[EventDate "2019.05.25"]
[EventType "tourn"]
[EventCountry "GER"]
[Tiebreak "Number of wins+Number of black wins"]
[SourceTitle "playchess.com"]
[Source "ChessBase"]
[SourceQuality "1"]
[TimeControl "180+2"]

1. e4 {[%emt 0:00:00]} e5 {[%emt 0:00:00]} 2. Nf3 {[%emt 0:00:01]} Nc6 {
[%emt 0:00:00]} 3. Bb5 {[%emt 0:00:01]} Nf6 {[%emt 0:00:00]} 4. O-O {[%emt 0:
00:02]} Nxe4 {[%emt 0:00:02]} 5. Re1 {[%emt 0:00:02]} Nd6 {[%emt 0:00:00]} 6.
Nxe5 {[%emt 0:00:02]} Nxe5 {[%emt 0:00:01]} 7. Rxe5+ {[%emt 0:00:03]} Be7 {
[%emt 0:00:01]} 8. Bf1 {[%emt 0:00:04]} O-O {[%emt 0:00:02]} 9. d4 {[%emt 0:00:
02]} Bf6 {[%emt 0:00:02]} 10. Re1 {[%emt 0:00:02]} Re8 {[%emt 0:00:00]} 11. c3
{[%emt 0:00:16]} Rxe1 {[%emt 0:00:03]} 12. Qxe1 {[%emt 0:00:01]} Ne8 {[%emt 0:
00:01]} 13. Bf4 {[%emt 0:00:04]} d5 {[%emt 0:00:03]} 14. Bd3 {[%emt 0:00:11]}
Be6 {[%emt 0:00:23]} 15. Nd2 {[%emt 0:00:06]} Nd6 {[%emt 0:00:01]} 16. Nf3 {
[%emt 0:00:04]} Bf5 {[%emt 0:00:08]} 17. Bxf5 {[%emt 0:00:13]} Nxf5 {[%emt 0:
00:01]} 18. Qe2 {[%emt 0:00:10]} c6 {[%emt 0:00:05]} 19. Re1 {[%emt 0:00:02]}
h6 {[%emt 0:00:09]} 20. Be5 {[%emt 0:00:30]} Bxe5 {[%emt 0:00:03]} 21. Nxe5 {
[%emt 0:00:09]} Nd6 {[%emt 0:00:04]} 22. Nd3 {[%emt 0:00:24]} Qa5 {[%emt 0:00:
09]} 23. Qe7 {[%emt 0:00:30]} Qd8 {[%emt 0:00:16]} 24. Nc5 {[%emt 0:00:13]} Rb8
{[%emt 0:00:49]} 25. Qxd8+ {[%emt 0:00:20]} Rxd8 {[%emt 0:00:01]} 26. Re7 {
[%emt 0:00:02]} Kf8 {[%emt 0:00:20]} 27. Rc7 {[%emt 0:00:13]} Re8 {[%emt 0:00:
08]} 28. Kf1 {[%emt 0:00:04]} Re7 {[%emt 0:00:00]} 29. Rxe7 {[%emt 0:00:03]}
Kxe7 {[%emt 0:00:01]} 30. Nd3 {[%emt 0:00:01]} Ke6 {[%emt 0:00:07]} 31. Ke2 {
[%emt 0:00:01]} Kf5 {[%emt 0:00:02]} 32. Ke3 {[%emt 0:00:04]} h5 {[%emt 0:00:
05]} 33. Nc5 {[%emt 0:00:02]} f6 {[%emt 0:00:03]} 34. h3 {[%emt 0:00:01]} g5 {
[%emt 0:00:02]} 35. b3 {[%emt 0:00:01]} h4 {[%emt 0:00:05]} 36. Kf3 {[%emt 0:
00:01]} b6 {[%emt 0:00:05]} 37. Nd3 {[%emt 0:00:02]} Nb5 {[%emt 0:00:03]} 38.
Nb4 {[%emt 0:00:04]} Nxc3 {[%emt 0:00:16]} 39. Nxc6 {[%emt 0:00:01]} a5 40. a4
Ne4 {[%emt 0:00:17]} 41. b4 {[%emt 0:00:04]} axb4 {[%emt 0:00:07]} 42. Nxb4 Nc3
43. Ke3 {[%emt 0:00:03]} Ke6 {[%emt 0:00:01]} 44. Kd3 {[%emt 0:00:04]} Nxa4 {
[%emt 0:00:00]} 45. Kc2 {[%emt 0:00:01]} b5 {[%emt 0:00:02]} 46. Na6 {[%emt 0:
00:01]} Kd6 {[%emt 0:00:02]} 47. Kb3 {[%emt 0:00:02]} Kc6 {[%emt 0:00:05]} 48.
Nb4+ Kd6 49. Na6 {[%emt 0:00:06]} Nb6 {[%emt 0:00:01]} 50. Kb4 {[%emt 0:00:00]}
Kc6 {[%emt 0:00:03]} 51. Nc5 {[%emt 0:00:01]} Nc4 {[%emt 0:00:01]} 52. Ne6 {
[%emt 0:00:06]} Nd6 {[%emt 0:00:03]} 53. Nd8+ {[%emt 0:00:01]} Kd7 {[%emt 0:00:
01]} 0-1